1057 1924 1752 1300 1804 1155 1893 1574 1311 1728 1516 1447 1298 1189 1808 1517 1538 1822 1721 1048 1161 1038 1543 1827 1151 1228 1938 1343 1444 1354 1472 1116 1313 1299 1060 1557 1550 1275 1208 1947 1657 1026 1851 1830 1901 1546 1055 1382 1601 1401 1027 1883 1554 1670 1260 1120 1792 1511 1516 1937 1524 1789 1144 1948 1852 1406 1307 1457 1447 1624 1744 1624 1892 1178 1475 1824 1597 1578 1784 1487 1876 1515 1182 1044 1098 1336 1412 1377 1094 1711 1670 1568 1146 1009 1672 1566 1391 1730 1052 BCNSPRNW ULIB Ver.6.0+V

เปลี่ยนเป็นภาษาไทย

Change to English
 แสดงรายละเอียดบรรณานุกรม
  กลับหน้าหลัก

Brief Record : Get Marc (ISO 2709) : E-mail record : QR code < ปิดหน้าต่าง
LEADER : 00000nam 2200000uu 4500
001    13399125813
003     ULIB
008    170918s2560||||th 000 0 tha d
020    ^a9786164291607
060 04 ^aWS260^bค695
245 00 ^aคู่มือโรคผิวหนังเด็ก (ฉบับปรับปรุงครั้งที่ 2) /^cบรรณาธิการ, วาณี วิสุทธิ์เสรีวงศ์, วนิดา ลิ้มพงศานุรักษ์, ศิริวรรณ วนานุกูล, ยุวลักษณ์ ธรรมเกษร, ศรีศุภลักษณ์ สิงคาลวณิช
250    ^aพิมพ์ครั้งที่ 4
260    ^aกรุงเทพฯ :^bบียอนด์ เอ็นเทอร์ไพรซ์,^c2560
300    ^a325 หน้า :^bภาพประกอบสี ;^c21 ซม.
500    ^aจัดทำโดย : ชมรมแพทย์ผิวหนังเด็กแห่งประเทศไทย
504    ^aเอกสารอ้างอิงและดัชนีท้ายเล่ม
650  4 ^aผิวหนัง, โรค^xในวัยทารกและวัยเด็ก^xคู่มือ
700 0  ^aวาณี วิสุทธิ์เสรีวงศ์^eบรรณาธิการ
700 0  ^aวนิดา ลิ้มพงศานุรักษ์^eบรรณาธิการ
700 0  ^aศรีศุภลักษณ์ สิงคาลวณิช^eบรรณาธิการ
700    ^aศิริวรรณ วนานุกูล^eบรรณาธิการ
700    ^aยุวลักษณ์ ธรรมเกษร^eบรรณาธิการ
710 2  ^aชมรมแพทย์ผิวหนังเด็กแห่งประเทศไทย
945    ^p500^l0^i25571
945    ^p500^l0^i25572
945    ^p500^l0^i25573
945    ^p500^l0^i25574
945    ^p500^l0^i25575
999    ^aกัณชพร จุลอักษร
รายการนี้ยังไม่มีแท็ก
คุณยังไม่ได้ล็อกอิน คุณสามารถมีกิจกรรมร่วมกับเว็บไซต์ได้ แต่ต้องล็อกอินก่อน ::
  ล็อกอิน

รายการสื่อสารสนเทศ

ลำดับที่ ประเภท เลขเรียก/บาร์โค้ด สถานที่ สถานะ
1. วิทยาศาสตร์การแพทย์ และสุขภาพ
หนังสือสำรอง
สถานะ=หนังสือสำรอง
WS260 ค695 ฉ.1 
  Barcode: 25571
ห้องสมุดวิทยาเขตนครสวรรค์
►หนังสือทั่วไป:l:General Books
บนชั้น
2. วิทยาศาสตร์การแพทย์ และสุขภาพ
วิทยาศาสตร์การแพทย์ และสุขภาพ
WS260 ค695 ฉ.2 
  Barcode: 25572
ห้องสมุดวิทยาเขตนครสวรรค์
►หนังสือทั่วไป:l:General Books
บนชั้น
3. วิทยาศาสตร์การแพทย์ และสุขภาพ
วิทยาศาสตร์การแพทย์ และสุขภาพ
WS260 ค695 ฉ.3 
  Barcode: 25573
ห้องสมุดวิทยาเขตนครสวรรค์
►หนังสือทั่วไป:l:General Books
บนชั้น
4. วิทยาศาสตร์การแพทย์ และสุขภาพ
วิทยาศาสตร์การแพทย์ และสุขภาพ
WS260 ค695 ฉ.4 
  Barcode: 25574
ห้องสมุดวิทยาเขตนครสวรรค์
►หนังสือทั่วไป:l:General Books
บนชั้น
5. วิทยาศาสตร์การแพทย์ และสุขภาพ
วิทยาศาสตร์การแพทย์ และสุขภาพ
WS260 ค695 ฉ.5 
  Barcode: 25575
ห้องสมุดวิทยาเขตนครสวรรค์
►หนังสือทั่วไป:l:General Books
บนชั้น

BibComment


ยังไม่เคยถูกคอมเมนท์

คอมเมนท์ทรัพยากรรายการนี้
  คอมเมนท์: คู่มือโรคผิวหนัง..


 Copyright 2026. Bcnsprnw @Library